Vật lí vui, tập 6A (Dành cho Hs tiểu học)

Wedi'i Gadw mewn:
Manylion Llyfryddiaeth
Fformat: Llyfr
Tagiau: Ychwanegu Tag
Dim Tagiau, Byddwch y cyntaf i dagio'r cofnod hwn!
Thư viện lưu trữ: Mạng thư viện Đại học Đà Nẵng
LEADER 00427nam a22001691a 4500
001 000040107
003 16402
005 20160412022843.0
008 160412s0 000
082 |a 4N(TK)1603-07 
245 |a Vật lí vui, tập 6A (Dành cho Hs tiểu học) 
OWN |a LNN 
999 |a From the UDN01 
TYP |a Monograph 
980 |a Mạng thư viện Đại học Đà Nẵng